Peter : (Record no. 42144)
[ view plain ]
| 000 -LEADER | |
|---|---|
| fixed length control field | 00739nam a22002177a 4500 |
| 005 - DATE AND TIME OF LATEST TRANSACTION | |
| control field | 20100816141340.0 |
| 010 ## - LCCN (DPL NO) | |
| LC control number | ENG-100614 |
| 020 ## - INTERNATIONAL STANDARD BOOK NUMBER | |
| Terms of availability | 35.00 |
| 035 ## - SYSTEM CONTROL NUMBER | |
| System control number | EN-84147 |
| 037 ## - SOURCE OF ACQUISITION | |
| Source of stock number/acquisition | DBAD/PUB |
| 082 ## - DEWEY DECIMAL CLASSIFICATION NUMBER | |
| Classification number | 280.21 |
| 100 ## - MAIN ENTRY--PERSONAL NAME | |
| Personal name | Bastian, M. S. |
| 245 ## - TITLE STATEMENT | |
| Title | Peter : |
| Remainder of title | the servent-leader / |
| Statement of responsibility, etc | by M.S. Bastian |
| 260 ## - PUBLICATION, DISTRIBUTION, ETC. (IMPRINT) | |
| Place of publication, distribution, etc | Dindigul (Tamilnadu) |
| Name of publisher, distributor, etc | Vaigarai Publications |
| Date of publication, distribution, etc | 2006 |
| 270 ## - ADDRESS | |
| Address | Beschi College |
| City | Tamilnadu |
| Postal code | 624001 |
| 300 ## - PHYSICAL DESCRIPTION | |
| Extent | 116p. |
| Dimensions | 22cm (pbk) |
| 650 ## - SUBJECT ADDED ENTRY--TOPICAL TERM | |
| Topical term or geographic name as entry element | Apostles |
| 650 ## - SUBJECT ADDED ENTRY--TOPICAL TERM | |
| Topical term or geographic name as entry element | Peter, The Apostle, Saint |
| 942 ## - ADDED ENTRY ELEMENTS (KOHA) | |
| Source of classification or shelving scheme | Dewey Decimal Classification |
| Item type | English Books |
| Classification part | 280.21 |
| Call number suffix | BAS |
| Withdrawn status | Lost status | Not for loan | Collection code | Home library | Current library | Date acquired | Source of acquisition | Cost, normal purchase price | Full call number | Barcode | Copy number | Cost, replacement price | Koha item type |
|---|---|---|---|---|---|---|---|---|---|---|---|---|---|
| Not For Loan | Non-fiction | D.B.Act.Division | D.B.Act.Division | 16/08/2010 | DBAD/PUB | 35.00 | 280.21 BAS | EN-84147 | 1 | 35.00 | English Books |
